00780nam a2200217Ia 450000500170000000800410001704000190005804100120007708200130008910000170010224501160011926000480023530000120028350400500029565000560034565100250040185000110042694200070043799900160044495201020046020231121153834.0131103s9999 xx 000 0 und d aLoreto College aEnglish a323bHOO aHook, Sidney aPolitical Powers and Personal Freedomb Critical Studies in Democracy, Communism and Civil Rights cSidney Hook aNew YorkbCollier Bookc1959(1965 printing) a539 p.  aIncludes bibliographical references and index aPolitics - Political Right - Democracy - Freedom -  aPolitical Science -  aLCLIB  cBK c1253d51732 00102ddc4070aMAINbMAINd2013-11-04l0o323 HOO 20859pB1886r2013-11-04w2013-11-04yBKf